000 00617nam a2200193Ii 4500
003 JO-AjNU
008 230606s9999||||xx |||||||||||||| ||und||
040 _aJO-AjNU
_beng
_erda
_cJO-AjNU
041 _aeng
050 1 4 _aHC497.J6 J58.1981
100 3 _aJordan. National Planning Council ,
_eauthor
_92864
245 0 0 _aFive Year Plan for Economic and Social Development 1981-1985
264 3 1 _a Amman:National Planning Council,1981
300 _a372p
336 _atext
_btxt
_2rdacontent
337 _aunmediated
_bn
_2rdamedia
338 _avolume
_bnc
_2rdacarrier
650 4 _aJordan -- Economic policy
_92865
999 _aE1500
_c1500
_d1500